[Event "Liepajas Rokade"]
[Site "Liepaja LAT"]
[Date "2006.08.04"]
[Round "1"]
[White "Azmaiparashvili,Z"]
[Black "Luckans,A"]
[Result "0-1"]
[WhiteElo "2669"]
[BlackElo "2469"]
[EventDate "2006.08.04"]

1. d4 g6 2. c4 Bg7 3. Nc3 d6 4. e4 Nc6 5. Be3 e5 6. Nge2 Nf6 7. d5 Ne7 8.
f3 Nd7 9. h4 h5 10. Qd2 a5 11. Nc1 b6 12. Bd3 O-O 13. Bc2 f5 14. a3 Nf6 15.
Rb1 fxe4 16. Nxe4 Nxe4 17. Bxe4 a4 18. Ne2 Bf5 19. Nc3 Qd7 20. Qe2 Kh8 21.
Kd2 Ng8 22. Rbg1 Nf6 23. Bg5 Nxe4+ 24. Nxe4 b5 25. cxb5 Rab8 26. Nc3 e4 27.
fxe4 Bxc3+ 28. bxc3 Rxb5 29. Rb1 Rfb8 30. Rb4 Rxb4 31. cxb4 Re8 32. Qf3
Rxe4 33. Re1 Rxe1 34. Kxe1 Qe8+ 35. Kf2 Qe5 36. Bd2 Qd4+ 37. Qe3 Qxh4+ 38.
Kg1 Qe4 39. Qh6+ Kg8 40. Bc3 Qe7 41. Kf2 Kf7 42. g3 Bd3 43. Qg7+ Ke8 44.
Qxe7+ Kxe7 45. Ke3 Bc4 46. Kd4 Bb3 47. Bd2 Kf6 48. b5 Ke7 49. Bg5+ Kd7 50.
Bd2 Kc8 51. Bg5 Kb7 52. Bd8 Kb6 53. Ke4 Bc4 54. Kd4 Bxb5 55. Be7 Kb7 56.
Bg5 Kc8 57. Bh4 Kd7 58. Bg5 c6 59. dxc6+ Bxc6 60. Bd2 Ke6 61. Bc3 Kf5 62.
Ke3 Kg4 63. Kf2 g5 64. Bb4 d5 65. Bc5 Bd7 66. Be3 Bf5 67. Bd4 Be4 68. Bc5
h4 69. gxh4 gxh4 70. Kg1 Kf3 71. Kh2 Bf5 72. Be7 h3 73. Bf6 Ke4 74. Kg3 d4
75. Bg5 Ke5 0-1

[Event "Liepajas Rokade"]
[Site "Liepaja LAT"]
[Date "2006.08.04"]
[Round "1"]
[White "Georgiev,Ki"]
[Black "Kanep,M"]
[Result "0-1"]
[WhiteElo "2685"]
[BlackElo "2510"]
[EventDate "2006.08.04"]

1. d4 d5 2. c4 c6 3. Nf3 Nf6 4. cxd5 cxd5 5. Nc3 Nc6 6. Bf4 Bf5 7. e3 e6 8.
Qb3 Bb4 9. Bb5 O-O 10. Bxc6 Bxc3+ 11. Qxc3 Rc8 12. Ne5 Ne4 13. Qa3 bxc6 14.
O-O f6 15. Nd3 Nd2 16. Rfd1 Nc4 17. Qc3 Bxd3 18. Rxd3 Qe7 19. b3 Nb6 20.
Rc1 Qa3 21. Rc2 Nd7 22. Qd2 e5 23. Bg3 Rfe8 24. h3 Qa6 25. Rdc3 Re6 26. Kh2
Rce8 27. a4 Qb6 28. Qd3 Nb8 29. Qf5 Na6 30. dxe5 fxe5 31. e4 d4 32. Rf3 Qb7
33. Bh4 Nb4 34. Rc4 a5 35. Bg5 h6 36. Bd2 Rf6 37. Qh5 Ref8 38. Rxf6 Rxf6
39. Bxb4 axb4 40. Qxe5 Rxf2 41. Rxd4 Kh7 42. Rd8 Qf7 43. Rd3 Rf1 44. Rg3
Rb1 45. Rf3 Qg6 46. a5 Re1 47. Rf4 Re3 48. Rg4 Qf7 49. a6 Rxb3 50. Rf4 Qg6
51. Rg4 Qf7 52. Rf4 Qg6 53. Rf5 Ra3 54. Rf8 Ra2 55. Qg3 Qxg3+ 56. Kxg3 Rxa6
57. Rb8 c5 58. e5 Kg6 59. Kf4 Ra4 60. Ke4 b3+ 61. Kd5 Rb4 62. Rxb4 cxb4 63.
e6 Kf6 64. Kd6 b2 65. e7 0-1

[Event "Liepajas Rokade"]
[Site "Liepaja LAT"]
[Date "2006.08.04"]
[Round "1"]
[White "Rausis,I"]
[Black "Ehlvest,J"]
[Result "0-1"]
[WhiteElo "2510"]
[BlackElo "2593"]
[EventDate "2006.08.04"]

1. Nf3 d5 2. d4 e6 3. c4 Nf6 4. g3 Bb4+ 5. Bd2 Be7 6. Bg2 c6 7. Qc2 O-O 8.
O-O b6 9. b3 Ba6 10. Rd1 Nbd7 11. Bf4 Rc8 12. Nc3 Qe8 13. e4 dxc4 14. Qe2
b5 15. bxc4 bxc4 16. Rab1 h6 17. Qc2 Nb6 18. a4 Nbd7 19. Bf1 Nh5 20. Be3 f5
21. exf5 exf5 22. Qa2 f4 23. Bxc4+ Bxc4 24. Qxc4+ Kh8 25. gxf4 Nxf4 26. Kh1
Qh5 27. Ng1 Bd6 28. Ne4 Nb6 29. Qf1 Rce8 30. Nxd6 Qd5+ 31. f3 Rxe3 32. a5
Qxd6 33. axb6 axb6 34. Rxb6 Qd5 35. Re1 Rc3 36. Rd1 Rc2 37. Qe1 Rxh2+ 38.
Kxh2 Qh5+ 39. Kg3 Qg5+ 40. Kf2 Qg2+ 41. Ke3 0-1

[Event "Liepajas Rokade"]
[Site "Liepaja LAT"]
[Date "2006.08.04"]
[Round "2"]
[White "Dlugy,M"]
[Black "Rausis,I"]
[Result "1/2-1/2"]
[WhiteElo "2518"]
[BlackElo "2510"]
[EventDate "2006.08.04"]

1. d4 d5 2. c4 c6 3. Nf3 dxc4 4. e3 Be6 5. Nc3 b5 6. a4 b4 7. Ne4 Nf6 8.
Nxf6+ exf6 9. Qc2 b3 10. Qc3 Na6 11. Bd2 1/2-1/2

[Event "Liepajas Rokade"]
[Site "Liepaja LAT"]
[Date "2006.08.04"]
[Round "2"]
[White "Ehlvest,J"]
[Black "Miezis,N"]
[Result "1-0"]
[WhiteElo "2593"]
[BlackElo "2527"]
[EventDate "2006.08.04"]

1. Nf3 c5 2. e4 e6 3. c4 Nc6 4. Nc3 Nf6 5. Be2 a6 6. O-O Qc7 7. Kh1 Ng4 8.
g3 h5 9. d4 cxd4 10. Nxd4 Nxd4 11. Qxd4 Qc5 12. Qxc5 Bxc5 13. Kg2 d6 14. h3
Ne5 15. Rd1 Bd7 16. a3 Ke7 17. f4 Nc6 18. b4 Ba7 19. Bb2 Rac8 20. h4 Nd4
21. Bd3 Bc6 22. Re1 Rhd8 23. Rad1 Kf8 24. Ne2 Nf5 25. Rc1 Ne3+ 26. Kf3 Nf5
27. b5 Ne7 28. bxc6 Nxc6 29. Red1 Na5 30. Rc2 Nb3 31. Kg2 Rc6 32. Rc3 Nc5
33. Bc2 Rcc8 34. a4 Bb6 35. Ba3 Ke7 36. Rb1 Ba5 37. Re3 Rd7 38. Nd4 Bd2 39.
Re2 Bc3 40. Nf3 f6 41. e5 dxe5 42. fxe5 f5 43. Re3 Ba5 44. Rd3 Rxd3 45.
Bxd3 b6 46. Bc2 Ke8 47. Nd4 Rd8 48. Rd1 Bc3 49. Nf3 Rc8 50. Rd6 Ne4 51.
Rxe6+ Kd7 52. Rxb6 Rxc4 53. e6+ Kc7 54. e7 1-0

[Event "Liepajas Rokade"]
[Site "Liepaja LAT"]
[Date "2006.08.04"]
[Round "2"]
[White "Malisauskas,V"]
[Black "Georgiev,Ki"]
[Result "1/2-1/2"]
[WhiteElo "2510"]
[BlackElo "2685"]
[EventDate "2006.08.04"]

1. e4 c5 2. Nf3 d6 3. d4 cxd4 4. Qxd4 a6 5. Be3 Nc6 6. Qb6 Qxb6 7. Bxb6 g6
8. Nc3 Bg7 9. Nd5 Kf8 10. O-O-O Bg4 11. Be2 Nf6 12. h3 Nxd5 13. exd5 Bxf3
14. Bxf3 Ne5 15. Be2 Nd7 16. Be3 h5 17. g4 hxg4 18. hxg4 Rxh1 19. Rxh1 Rc8
20. g5 Nc5 21. Rh4 b5 22. c3 Rc7 23. Kc2 Be5 24. Bd4 Bxd4 25. Rxd4 Na4 26.
Kb3 Ke8 27. c4 Nc5+ 28. Ka3 bxc4 29. Bxc4 a5 30. Bb5+ Kd8 31. Rh4 Rb7 32.
Bc6 Rb6 33. Rh8+ Kc7 34. Re8 e5 35. Re7+ Kd8 36. Rxf7 Rb4 37. Rf6 Ke7 38.
Rxg6 Rf4 39. Rg7+ Kf8 40. Ra7 Rxf2 41. Rxa5 e4 42. Ra8+ Kg7 43. Re8 Kg6 44.
b4 Rf3+ 45. Kb2 Nd3+ 46. Kc3 Ne5+ 47. Kd4 e3 48. Bb5 Rf4+ 49. Kxe3 Rxb4 50.
a4 Kxg5 51. Re6 Kf5 52. Kd2 Rd4+ 53. Kc3 1/2-1/2

[Event "Liepajas Rokade"]
[Site "Liepaja LAT"]
[Date "2006.08.05"]
[Round "3"]
[White "Azmaiparashvili,Z"]
[Black "Berzinsh,R"]
[Result "1/2-1/2"]
[WhiteElo "2669"]
[BlackElo "2445"]
[EventDate "2006.08.04"]

1. d4 Nf6 2. c4 e6 3. Nf3 b6 4. Nc3 Bb7 5. a3 d5 6. cxd5 exd5 7. Bf4 Bd6 8.
Bg3 O-O 9. e3 Ne4 10. Rc1 Nd7 11. Bxd6 cxd6 12. Bd3 Ndf6 13. O-O Qe7 14.
Nb5 Rfc8 15. Rxc8+ Bxc8 16. Nd2 Bf5 17. Qe2 a6 18. Nc3 Nxc3 19. bxc3 Bxd3
20. Qxd3 b5 21. Ra1 Rc8 22. a4 Ne4 23. axb5 Nxd2 24. Qxd2 axb5 25. Rb1 Qd7
26. Qb2 Rb8 27. h3 g6 28. Qb4 Qc6 29. Ra1 Kg7 30. Ra7 h5 31. h4 Rb6 32. g3
Ra6 33. Rxa6 Qxa6 34. Kg2 Kf6 35. Qb3 Qc6 36. Qa3 Ke6 37. Qa5 Ke7 38. Kf3
Ke6 39. Qd8 Qxc3 40. Qe8+ Kf6 41. Qxb5 Qc1 42. Qd7 Qh1+ 43. Ke2 Qe4 44.
Qxd6+ Kf5 45. Qc7 Kg4 46. Qxf7 Qc2+ 47. Kf1 Kh3 48. Qf3 Qc1+ 49. Ke2 Qc2+
50. Ke1 Qc3+ 51. Kd1 Qb3+ 52. Kd2 Qb2+ 53. Ke1 Qc3+ 54. Kf1 Qc1+ 55. Ke2
Qc2+ 56. Ke1 Qc3+ 57. Kd1 Qd3+ 58. Kc1 Qc3+ 59. Kd1 Qd3+ 60. Ke1 Qc3+ 61.
Ke2 Qc2+ 62. Kf1 Qc1+ 1/2-1/2

[Event "Liepajas Rokade"]
[Site "Liepaja LAT"]
[Date "2006.08.05"]
[Round "3"]
[White "Miezis,N"]
[Black "Dlugy,M"]
[Result "0-1"]
[WhiteElo "2527"]
[BlackElo "2518"]
[EventDate "2006.08.04"]

1. c4 c5 2. Nc3 Nf6 3. e4 Nc6 4. f4 d6 5. Nf3 Bg4 6. Be2 e6 7. O-O Be7 8.
d3 O-O 9. Kh1 Rb8 10. Qe1 Bxf3 11. Bxf3 Nd4 12. Bd1 Nd7 13. Be3 Bf6 14. Rc1
g6 15. Qg3 Bg7 16. Qh3 f5 17. g4 a6 18. gxf5 gxf5 19. Rg1 Kh8 20. Bh5 Nf6
21. Bg6 Kg8 22. exf5 hxg6 23. fxg6 Nf5 24. Rce1 Qd7 25. Bf2 b5 26. b3 bxc4
27. dxc4 Qb7+ 28. Rg2 Rbe8 29. Ne4 Re7 30. Kg1 Bh6 31. Ng5 Bxg5 32. fxg5
Ne4 33. Qf3 Nxf2 34. Rxf2 Qxf3 35. Rxf3 Nh4 36. Rxf8+ Kxf8 37. Rd1 Rd7 38.
Rf1+ Kg7 39. Rf6 Re7 40. Kf2 Nxg6 41. Kg3 Nf8 42. h4 Rf7 43. Rh6 Rf5 44.
Kg4 Ng6 45. Kh5 Nf4+ 46. Kg4 Rf8 47. h5 d5 48. cxd5 exd5 49. Rxa6 d4 50.
Rf6 Nxh5 51. Rc6 Nf4 52. Rxc5 d3 53. Rc7+ Rf7 54. Rc1 Nd5 55. Kg3 Ne3 56.
g6 Rd7 57. Rh1 Kxg6 58. Kf4 d2 0-1

[Event "Liepajas Rokade"]
[Site "Liepaja LAT"]
[Date "2006.08.05"]
[Round "3"]
[White "Rausis,I"]
[Black "Kulaots,K"]
[Result "0-1"]
[WhiteElo "2510"]
[BlackElo "2550"]
[EventDate "2006.08.04"]

1. e4 c5 2. c3 Nf6 3. e5 Nd5 4. Nf3 Nc6 5. Bc4 Nb6 6. Bb3 d5 7. exd6 Qxd6
8. Na3 Be6 9. d4 Bxb3 10. Qxb3 cxd4 11. Nb5 Qd7 12. Nbxd4 Nxd4 13. Nxd4 e6
14. O-O Bc5 15. Be3 Rc8 16. Rad1 Bxd4 17. Rxd4 Qc6 18. Rfd1 Nc4 19. Rd7
Qxd7 20. Rxd7 Kxd7 21. Qxb7+ Rc7 22. Qb5+ Kd6 23. Qb4+ Kd7 24. Bc5 Nxb2 25.
h4 Rhc8 26. Bf8 Nc4 27. Bxg7 Nb6 28. Qd4+ Nd5 29. Qe4 Nxc3 30. Qxh7 Nd5 31.
h5 Ke7 32. Qe4 Rc4 33. Qe5 f6 34. Qg3 Nf4 35. Qg4 R8c5 36. h6 Rg5 37. Qxg5
fxg5 38. h7 Ng6 0-1

[Event "Liepajas Rokade"]
[Site "Liepaja LAT"]
[Date "2006.08.05"]
[Round "4"]
[White "Kulaots,K"]
[Black "Malisauskas,V"]
[Result "1/2-1/2"]
[WhiteElo "2550"]
[BlackElo "2510"]
[EventDate "2006.08.04"]

1. e4 c6 2. d4 d5 3. Nc3 dxe4 4. Nxe4 Nd7 5. Ng5 Ngf6 6. Bd3 e6 7. N1f3 Bd6
8. Qe2 h6 9. Ne4 Nxe4 10. Qxe4 Nf6 11. Qe2 Qc7 12. Bd2 b6 13. O-O-O Bb7 14.
Kb1 O-O-O 15. c4 1/2-1/2

[Event "Liepajas Rokade"]
[Site "Liepaja LAT"]
[Date "2006.08.05"]
[Round "4"]
[White "Ehlvest,J"]
[Black "Azmaiparashvili,Z"]
[Result "0-1"]
[WhiteElo "2593"]
[BlackElo "2669"]
[EventDate "2006.08.04"]

1. Nf3 Nf6 2. c4 e6 3. g3 d5 4. d4 dxc4 5. Bg2 a6 6. Ne5 c5 7. Na3 Qxd4 8.
Qxd4 cxd4 9. Naxc4 Nfd7 10. Bf4 Bb4+ 11. Kd1 O-O 12. Rc1 Nxe5 13. Nxe5 f6
14. Nd3 Be7 15. Rxc8 Rxc8 16. Bxb7 Nd7 17. e4 dxe3 18. Bxa8 Rxa8 19. Bxe3
Kf7 20. Kd2 Rd8 21. Ke2 Rc8 22. Rc1 Rxc1 23. Bxc1 e5 24. f3 Ke6 25. b3 f5
26. Be3 h5 27. Nb2 g5 28. Nc4 g4 29. f4 e4 30. Bd4 h4 31. Ne3 Nb8 32. Bc3
h3 33. Bd4 Nc6 34. Bc3 Bc5 35. Kd2 Ne7 36. Bb2 Nd5 37. Nxd5 Kxd5 38. Ke2
Bg1 0-1

[Event "Liepajas Rokade"]
[Site "Liepaja LAT"]
[Date "2006.08.05"]
[Round "5"]
[White "Azmaiparashvili,Z"]
[Black "Dlugy,M"]
[Result "1-0"]
[WhiteElo "2669"]
[BlackElo "2518"]
[EventDate "2006.08.04"]

1. g3 d5 2. Bg2 c6 3. d3 Nf6 4. Nd2 e5 5. Ngf3 e4 6. Nd4 c5 7. N4b3 exd3 8.
cxd3 Nc6 9. O-O Be7 10. e4 O-O 11. Qe2 b6 12. e5 Ne8 13. f4 f6 14. Nf3 fxe5
15. Nxe5 Nxe5 16. Qxe5 Nc7 17. d4 Bf6 18. Qe3 Re8 19. Qf2 Ba6 20. Rd1 c4
21. Nd2 Bc8 22. Nf3 Bg4 23. Be3 b5 24. Rd2 Bxf3 25. Qxf3 Qe7 26. Re1 Rad8
27. Rde2 Qd6 28. Kf1 b4 29. f5 Qd7 30. g4 Nb5 31. Qf2 h6 32. h4 Rxe3 33.
Qxe3 Bxh4 34. Rd1 Bf6 35. a4 bxa3 36. bxa3 Kf8 37. a4 Nc7 38. Qa3+ Be7 39.
Qg3 Bd6 40. Qh4 Be7 41. Qh2 Bd6 42. Qh5 Ne8 43. g5 Qxf5+ 44. Rf2 Bf4 45.
Bh3 Qe4 46. Be6 Qxe6 47. Rxf4+ Kg8 48. Re1 Qd7 49. gxh6 gxh6 50. Qh4 Ng7
51. Re7 Qd6 52. Kg1 Rf8 53. Rxf8+ Kxf8 54. Rxa7 Qg6+ 55. Kh2 Qc2+ 56. Kh3
Qd3+ 57. Qg3 Nf5 58. Qxd3 cxd3 59. Rb7 d2 60. Rb1 Ne3 61. a5 d1=N 62. Rxd1
Nxd1 63. a6 Nf2+ 64. Kg2 Ne4 65. a7 Nf6 66. a8=Q+ Kf7 67. Qc6 Kg6 68. Kf3
h5 69. Kf4 h4 70. Ke5 Kg5 71. Qxf6+ 1-0

[Event "Liepajas Rokade"]
[Site "Liepaja LAT"]
[Date "2006.08.05"]
[Round "5"]
[White "Georgiev,Ki"]
[Black "Berzinsh,R"]
[Result "1-0"]
[WhiteElo "2685"]
[BlackElo "2445"]
[EventDate "2006.08.04"]

1. d4 Nf6 2. c4 e6 3. Nc3 Bb4 4. Qc2 c5 5. dxc5 O-O 6. a3 Bxc5 7. Nf3 Qb6
8. e3 Qc7 9. b3 b6 10. Bb2 Bb7 11. Be2 a6 12. O-O-O d5 13. cxd5 exd5 14.
Kb1 Nbd7 15. g4 Bd6 16. g5 Ng4 17. Rd4 Nxf2 18. Rf1 Ne4 19. Nxe4 dxe4 20.
Rc4 Nc5 21. Nd4 Bd5 22. Rc3 Qb7 23. Nf5 Rfd8 24. Nxg7 Nd3 25. Nh5 Nxb2 26.
Qxb2 Be5 27. Nf6+ Kg7 28. Ng4 Qe7 29. Rf5 Bxc3 30. Qxc3+ Kg6 31. Rf6+ Kxg5
32. h4+ Kxh4 33. Rh6+ Kg3 34. Qe1+ 1-0

[Event "Liepajas Rokade"]
[Site "Liepaja LAT"]
[Date "2006.08.05"]
[Round "5"]
[White "Miezis,N"]
[Black "Kulaots,K"]
[Result "0-1"]
[WhiteElo "2527"]
[BlackElo "2550"]
[EventDate "2006.08.04"]

1. c4 e6 2. e4 c5 3. Nc3 Nc6 4. f4 Nge7 5. Nf3 d5 6. cxd5 exd5 7. Bb5 dxe4
8. Ne5 a6 9. Qh5 g6 10. Bc4 Bg7 11. Bxf7+ Kf8 12. Qg5 Nxe5 13. fxe5 Kxf7
14. Rf1+ Nf5 15. Qf4 Re8 16. g4 Bxe5 17. Qf2 Bf6 18. Qxc5 Nd4 19. g5 Nf3+
20. Kd1 Bxg5 21. Nxe4 Rxe4 22. Rxf3+ Kg8 23. h3 Bf5 24. d3 Bxc1 25. Rxc1
Rc8 26. Qa3 Rxc1+ 27. Kxc1 Re1+ 28. Kd2 Qe7 29. Qb3+ Kg7 30. Qc3+ Qe5 0-1

[Event "Liepajas Rokade"]
[Site "Liepaja LAT"]
[Date "2006.08.05"]
[Round "5"]
[White "Neiksans,A"]
[Black "Ehlvest,J"]
[Result "1-0"]
[WhiteElo "2454"]
[BlackElo "2593"]
[EventDate "2006.08.04"]

1. e4 c5 2. Nf3 e6 3. d4 cxd4 4. Nxd4 a6 5. Nc3 Qc7 6. Bd3 Bd6 7. Qe2 Be5
8. Nb3 Nf6 9. Bd2 O-O 10. g3 d5 11. O-O-O Nc6 12. f4 Nxe4 13. Nxe4 dxe4 14.
Bxe4 Bf6 15. Qc4 Bd7 16. Ba5 Qc8 17. Bxh7+ Kxh7 18. Qd3+ Kg8 19. Qxd7 Nxa5
20. Nxa5 Qc5 21. Nb3 Qb6 22. Qd6 Qe3+ 23. Qd2 Qb6 24. Qa5 Qe3+ 25. Qd2 Qb6
26. Qa5 Qc6 27. Kb1 Rfc8 28. Rc1 b5 29. g4 Qe4 30. Qd2 Rc4 31. Rhf1 g6 32.
f5 Rd8 33. Qf2 exf5 34. gxf5 g5 35. Nd2 Rxd2 36. Qxd2 Rb4 37. b3 Qe5 38. c3
Rh4 39. Rce1 Qc7 40. Rg1 Rxh2 41. Rxg5+ Kh7 42. Rg2 Rh3 43. Qc2 Qf4 44.
Rgg1 Qf3 45. Ref1 Qe3 46. Qg2 Qd3+ 47. Qc2 Qxc2+ 48. Kxc2 Rxc3+ 49. Kb1 Rd3
50. Rg2 Rh3 51. Rff2 Re3 52. Rf1 1-0

[Event "Liepajas Rokade"]
[Site "Liepaja LAT"]
[Date "2006.08.05"]
[Round "5"]
[White "Antoms,G"]
[Black "Rausis,I"]
[Result "0-1"]
[WhiteElo "2414"]
[BlackElo "2510"]
[EventDate "2006.08.04"]

1. d4 d5 2. Nc3 c6 3. e4 dxe4 4. Nxe4 Bf5 5. Ng3 Bg6 6. Nf3 Nf6 7. h4 Nh5
8. Nxh5 Bxh5 9. c3 e6 10. Qb3 Bxf3 11. Qxb7 Bd5 12. c4 Be4 13. f3 Bc2 14.
Qxa8 Qc7 15. Be3 Bd6 16. d5 c5 17. Rc1 Ba4 18. Rc3 O-O 19. Ra3 Bg3+ 20. Kd2
Qa5+ 21. Rc3 Qb4 22. Qxa7 Qxb2+ 23. Kd3 Qb1+ 24. Ke2 Qd1+ 0-1

[Event "Liepajas Rokade"]
[Site "Liepaja LAT"]
[Date "2006.08.05"]
[Round "6"]
[White "Kulaots,K"]
[Black "Luckans,A"]
[Result "1/2-1/2"]
[WhiteElo "2550"]
[BlackElo "2469"]
[EventDate "2006.08.04"]

1. e4 g6 2. d4 Bg7 3. Nc3 d6 4. Nf3 c6 5. Be3 Qb6 6. Rb1 Qc7 7. a4 a5 8.
Be2 Bg4 9. h3 Bxf3 10. Bxf3 Nd7 11. Be2 Ngf6 12. O-O e5 13. Qd2 O-O 14. f4
exd4 15. Bxd4 Rfe8 16. Bf3 b6 17. Rbd1 Rad8 18. Rfe1 Ne5 19. Be2 Ned7 20.
Bf3 Ne5 21. Be2 Ned7 22. Bf3 Ne5 23. Qf2 Nxf3+ 24. Qxf3 1/2-1/2

[Event "Liepajas Rokade"]
[Site "Liepaja LAT"]
[Date "2006.08.05"]
[Round "6"]
[White "Dlugy,M"]
[Black "Neiksans,A"]
[Result "1/2-1/2"]
[WhiteElo "2518"]
[BlackElo "2454"]
[EventDate "2006.08.04"]

1. d4 f5 2. g3 Nf6 3. Bg2 g6 4. Nh3 Bg7 5. c4 d6 6. Nc3 c6 7. O-O O-O 8. d5
e5 9. dxe6 Bxe6 10. Qd3 Nbd7 11. b3 Nc5 12. Qc2 Qe7 13. Bb2 Rad8 14. Rad1
h6 15. Nf4 1/2-1/2

[Event "Liepajas Rokade"]
[Site "Liepaja LAT"]
[Date "2006.08.05"]
[Round "6"]
[White "Berzinsh,R"]
[Black "Kanep,M"]
[Result "1/2-1/2"]
[WhiteElo "2445"]
[BlackElo "2510"]
[EventDate "2006.08.04"]

1. e4 c5 2. Nf3 d6 3. Bc4 Nf6 4. d3 e6 5. Bb3 Be7 6. c3 O-O 7. O-O Nc6 8.
Re1 Bd7 9. d4 cxd4 10. cxd4 d5 11. e5 Ne4 12. Nbd2 Ng5 13. Nxg5 Bxg5 14.
Nf3 Bxc1 15. Rxc1 f5 16. exf6 gxf6 1/2-1/2

[Event "Liepajas Rokade"]
[Site "Liepaja LAT"]
[Date "2006.08.05"]
[Round "6"]
[White "Ehlvest,J"]
[Black "Georgiev,Ki"]
[Result "1/2-1/2"]
[WhiteElo "2593"]
[BlackElo "2685"]
[EventDate "2006.08.04"]

1. e4 e5 2. Nf3 Nc6 3. d4 exd4 4. Bc4 Bc5 5. c3 Nf6 6. cxd4 Bb4+ 7. Bd2
Bxd2+ 8. Nbxd2 d5 9. exd5 Nxd5 10. Qb3 Nce7 11. O-O O-O 12. Rfe1 1/2-1/2

[Event "Liepajas Rokade"]
[Site "Liepaja LAT"]
[Date "2006.08.05"]
[Round "6"]
[White "Rausis,I"]
[Black "Azmaiparashvili,Z"]
[Result "0-1"]
[WhiteElo "2510"]
[BlackElo "2669"]
[EventDate "2006.08.04"]

1. e4 c6 2. d4 d5 3. e5 Bf5 4. Be3 e6 5. Nd2 Bg6 6. f4 Ne7 7. Ngf3 Nd7 8.
Be2 c5 9. c3 Qb6 10. Qb3 Nc6 11. O-O Be7 12. g4 h5 13. h3 hxg4 14. hxg4 c4
15. Qxb6 axb6 16. a3 b5 17. Kg2 Nb6 18. Rh1 Rxh1 19. Rxh1 Na4 20. Rh8+ Bf8
21. Nh4 Bc2 22. f5 Nxb2 23. f6 O-O-O 24. Ndf3 gxf6 25. exf6 Bxa3 26. Rxd8+
Kxd8 27. g5 Na4 28. Ne5 Nxe5 29. dxe5 Nxc3 30. Bh5 Ke8 31. g6 fxg6 32. Nxg6
Bd1 33. Bxd1 Nxd1 34. Bh6 Kf7 35. Nh8+ Kg8 0-1

[Event "Liepajas Rokade"]
[Site "Liepaja LAT"]
[Date "2006.08.05"]
[Round "7"]
[White "Kanep,M"]
[Black "Ehlvest,J"]
[Result "1-0"]
[WhiteElo "2510"]
[BlackElo "2593"]
[EventDate "2006.08.04"]

1. d4 e6 2. Nf3 c5 3. c4 Nf6 4. g3 d5 5. Bg2 Nc6 6. O-O Be7 7. cxd5 Nxd5 8.
dxc5 Bxc5 9. a3 O-O 10. b4 Qf6 11. Ra2 Bb6 12. Bb2 Qe7 13. Ne5 Rd8 14. Nxc6
bxc6 15. Qc2 Ba6 16. Nc3 Rac8 17. Raa1 c5 18. b5 Bb7 19. e3 Ba5 20. Nxd5
exd5 21. Rfd1 h6 22. a4 Bb4 23. Qf5 c4 24. Bd4 Ba8 25. Bh3 Rc7 26. b6 Rc6
27. bxa7 Bc5 28. Bg2 Bxd4 29. Rxd4 Rc5 30. e4 Qxa7 31. exd5 c3 32. Rc1 Qb6
33. Be4 g6 34. Qf4 Bxd5 35. Bxd5 Rcxd5 36. Rxd5 Rxd5 37. Rxc3 Kg7 38. Kg2
Rf5 39. Qe3 Qb7+ 40. Kg1 Rd5 41. Rc1 Qb2 42. Qc3+ Qxc3 43. Rxc3 Rd1+ 44.
Kg2 Ra1 45. Rc4 Ra3 46. g4 Kf6 47. h4 h5 48. g5+ Ke5 49. f3 Kd5 50. Rf4 Ke6
51. Kg3 Ra2 52. Rf6+ Ke7 53. Ra6 Ra1 54. Kf4 Rh1 55. Ke5 Re1+ 56. Kd5 Rh1
57. Ke5 Re1+ 58. Kf4 Rh1 59. Ra7+ Ke6 60. Ke4 Rxh4+ 61. f4 Rh1 62. Ra6+ Ke7
63. Ra7+ Ke6 64. Ra6+ Ke7 65. a5 Re1+ 66. Kd5 h4 67. Ra7+ Kf8 68. Rb7 Ra1
69. Rb5 1-0

[Event "Liepajas Rokade"]
[Site "Liepaja LAT"]
[Date "2006.08.05"]
[Round "8"]
[White "Dlugy,M"]
[Black "Kanep,M"]
[Result "1/2-1/2"]
[WhiteElo "2518"]
[BlackElo "2510"]
[EventDate "2006.08.04"]

1. d4 d5 2. c4 c6 3. Nf3 Nf6 4. Qc2 dxc4 5. Qxc4 Bf5 6. g3 e6 7. Bg2 Nbd7
8. O-O Be7 9. e3 O-O 10. Rd1 Qb6 11. Qe2 c5 12. b3 cxd4 13. Nxd4 Bg4 14.
Bf3 Bxf3 15. Qxf3 Ne5 16. Qe2 Rac8 17. Bb2 Nc6 18. Nd2 Rfd8 19. Rac1 Nxd4
20. Bxd4 Qa5 21. Rxc8 Rxc8 22. Bxf6 Bxf6 23. Ne4 Rd8 24. Nxf6+ gxf6 25.
Qg4+ Kf8 26. Rc1 Qd2 27. Qc4 Kg7 28. a4 Rd5 29. Rc2 Qe1+ 30. Kg2 h5 31. Rc1
1/2-1/2

[Event "Liepajas Rokade"]
[Site "Liepaja LAT"]
[Date "2006.08.05"]
[Round "8"]
[White "Berzinsh,R"]
[Black "Luckans,A"]
[Result "1-0"]
[WhiteElo "2445"]
[BlackElo "2469"]
[EventDate "2006.08.04"]

1. e4 g6 2. d4 Bg7 3. Nc3 d6 4. Be3 Nf6 5. Qd2 c6 6. h3 b5 7. Bd3 Nbd7 8.
f4 Nb6 9. b3 e5 10. Nf3 exd4 11. Bxd4 O-O 12. O-O Re8 13. Rae1 Bb7 14. e5
dxe5 15. fxe5 Nfd7 16. Ne4 c5 17. Ba1 c4 18. Nd6 Bxf3 19. Rxf3 Nxe5 20.
Bxe5 Rxe5 21. Be4 Rc8 22. Rxf7 Rc7 23. Rxc7 Qxc7 24. Rd1 Bf8 25. Bf3 Qc5+
26. Kf1 c3 27. Qd3 Bxd6 28. Qxd6 Qxd6 29. Rxd6 b4 30. Rd4 Rb5 31. Ke2 Kf8
32. Kd3 Ke7 33. Rh4 h5 34. Rd4 a5 35. Be4 Kf6 36. Rd6+ Ke5 37. Rxg6 Kf4 1-0

[Event "Liepajas Rokade"]
[Site "Liepaja LAT"]
[Date "2006.08.05"]
[Round "8"]
[White "Ehlvest,J"]
[Black "Malisauskas,V"]
[Result "1-0"]
[WhiteElo "2593"]
[BlackElo "2510"]
[EventDate "2006.08.04"]

1. d4 Nf6 2. c4 g6 3. Nc3 d5 4. Nf3 Bg7 5. e3 O-O 6. b4 c6 7. Bb2 Ne4 8.
Nxe4 dxe4 9. Nd2 f5 10. Be2 Be6 11. g4 Nd7 12. h4 a5 13. h5 axb4 14. hxg6
hxg6 15. Qb3 Nf6 16. gxf5 Bxf5 17. Qxb4 Qa5 18. Qxa5 Rxa5 19. Nb3 Ra7 20.
a4 Nd7 21. a5 b6 22. Kd2 bxa5 23. Nxa5 Rc7 24. Bc3 Be6 25. Rh2 Nb6 26. Rg2
Bf5 27. Rgg1 e5 28. Rgb1 exd4 29. exd4 e3+ 30. fxe3 Bxb1 31. Rxb1 Nd7 32.
Rg1 Rf6 33. c5 Kf8 34. Rg2 Bh6 35. Kd3 Re6 36. e4 Rf6 37. Bg4 Bg7 38. e5
Rf4 39. Bxd7 Rxd7 40. Nxc6 Rc7 41. Rxg6 Kf7 42. Rd6 Bf8 43. Nd8+ Ke8 44.
Rd5 Rd7 45. Ne6 Rf3+ 46. Kc4 Rxc3+ 47. Kxc3 Ra7 48. Nxf8 Kxf8 49. Rd6 Ke7
50. Kc4 Ra4+ 51. Kd5 Ra5 52. Rh6 Rb5 53. Rh7+ Kf8 54. Kd6 Ra5 55. d5 Ra6+
56. c6 Kg8 57. Rd7 Kf8 58. e6 Kg8 59. Rd8+ Kg7 60. e7 Ra7 61. e8=Q Rf7 62.
Qg8+ Kf6 63. Rf8 Rxf8 64. Qxf8+ Kg5 65. c7 Kg4 66. c8=Q+ Kg5 67. Qf7 Kh6
68. Qh8+ Kg5 69. Qhh5+ 1-0

[Event "Liepajas Rokade"]
[Site "Liepaja LAT"]
[Date "2006.08.05"]
[Round "8"]
[White "Rausis,I"]
[Black "Georgiev,Ki"]
[Result "0-1"]
[WhiteElo "2510"]
[BlackElo "2685"]
[EventDate "2006.08.04"]

1. e4 e5 2. Nf3 Nc6 3. Bb5 Nf6 4. O-O Nxe4 5. d4 Nd6 6. Bxc6 dxc6 7. dxe5
Nf5 8. Qxd8+ Kxd8 9. Nc3 h6 10. h3 Bd7 11. Rd1 Kc8 12. b3 b6 13. Bb2 Ne7
14. Rd2 c5 15. Rad1 Be6 16. Ne2 g5 17. Nh2 Ng6 18. Ng4 Bxg4 19. hxg4 Bg7
20. Ng3 Bxe5 21. Bxe5 Nxe5 22. Re1 Nc6 23. Nf5 Kb7 24. Rd7 Rad8 25. Rxf7
Rd2 26. Ne3 Re8 27. Rf6 Nb4 28. Rxh6 Nxa2 29. Rh5 Rg8 30. Kf1 Nc3 31. Rh7
a5 32. Rf7 Rh8 33. Kg1 Ne2+ 34. Rxe2 Rxe2 35. g3 Rd2 36. Rf5 Rg8 37. Kg2
Rg7 38. Kf1 Kc6 39. Ke1 Rd8 40. Ke2 b5 41. Rf6+ Rd6 42. Rf8 Kb7 43. Re8 a4
44. bxa4 bxa4 45. Rh8 Rgd7 46. Rh1 Rd2+ 47. Kf3 Rf7+ 48. Nf5 Rxc2 49. Ra1
Rc4 50. Ke3 Rd7 51. f4 Rd8 52. Kf3 Rd3+ 53. Ne3 Rcc3 54. Re1 a3 0-1

[Event "Liepajas Rokade"]
[Site "Liepaja LAT"]
[Date "2006.08.05"]
[Round "8"]
[White "Antoms,G"]
[Black "Azmaiparashvili,Z"]
[Result "0-1"]
[WhiteElo "2414"]
[BlackElo "2669"]
[EventDate "2006.08.04"]

1. d4 Nf6 2. c4 c5 3. d5 b5 4. cxb5 a6 5. bxa6 Bxa6 6. Nc3 d6 7. g3 g6 8.
Nf3 Bg7 9. Bg2 O-O 10. Bd2 Qb6 11. Rb1 Nbd7 12. b3 Bb7 13. Nh4 e6 14. dxe6
fxe6 15. O-O d5 16. Qc2 e5 17. Rfc1 Rac8 18. e4 Ng4 19. Be1 d4 20. Na4 Qf6
21. Qe2 h5 22. Nb2 Ba6 23. Nc4 Nb6 24. Bh3 Bh6 25. Rc2 Rb8 26. Rd1 Nxc4 27.
bxc4 Bc8 28. Bg2 Ne3 29. fxe3 Bxe3+ 30. Bf2 Bg4 31. Bf3 Bxf3 32. Nxf3 Qxf3
33. Bxe3 Qxe3+ 34. Qxe3 dxe3 35. Kg2 Kg7 36. Rd3 Rf2+ 37. Rxf2 exf2 38. Rd2
Rb1 39. Kxf2 Rc1 40. a4 Ra1 41. Rd5 Rxa4 42. Rxc5 Kf6 43. Rc6+ Kg5 44. h4+
Kg4 45. Rxg6+ Kh3 46. Rg5 Rxc4 47. Rxe5 Rc2+ 48. Kf3 Rc3+ 49. Kf4 0-1

[Event "Liepajas Rokade"]
[Site "Liepaja LAT"]
[Date "2006.08.05"]
[Round "9"]
[White "Azmaiparashvili,Z"]
[Black "Kulaots,K"]
[Result "1-0"]
[WhiteElo "2669"]
[BlackElo "2550"]
[EventDate "2006.08.04"]

1. d4 Nf6 2. c4 e6 3. Nf3 d5 4. Nc3 dxc4 5. e4 Bb4 6. Bg5 c5 7. Bxc4 cxd4
8. Nxd4 Bxc3+ 9. bxc3 Qa5 10. Bb5+ Bd7 11. Bxf6 gxf6 12. Qb3 Bxb5 13. Nxb5
O-O 14. O-O Nc6 15. c4 Rad8 16. Nd6 Qe5 17. c5 b6 18. Rad1 Nd4 19. Qe3 bxc5
20. Nc4 Qf4 21. Qd3 Rd7 22. Rde1 Rfd8 23. Qc3 Kh8 24. Re3 Rg8 25. Rfe1 Qg4
26. Rg3 Qe2 27. Rxg8+ Kxg8 28. Qg3+ 1-0